000 00476nam a2200181Ia 4500
005 20250508152349.0
008 008 250505s9999 xx 000 0 eng d
037 _aTextual
040 _aFEDL
_beng
_cFEDL
041 _aeng
_2eng
084 _a614, BRO
_qFEDL
100 _aBrockington Fraser
_9761300
245 0 _aWorld health
260 _aMiddlesex
_bPenguin Books Ltd
_c1958
300 _a405p.
942 _cTEXL
_h614, BRO
999 _c1335934
_d1335934